Tìm hiểu biến động thời tiết - khí hậu khu vực Trung Trung Bộ những năm đầu thế kỷ XXI và tác động của nó đến sản xuất và đời sống
Cơ sở lý luận chung. Những biến động về thời tiết - khí hậu của khu vực Trung Trung Bộ những năm đầu thế kỷ XXI.Tác động của những biến động thời tiết - khí hậu đến sản xuất và đời sống ở Trung Trung Bộ.
保存先:
| 第一著者: | |
|---|---|
| その他の著者: | |
| フォーマット: | 図書 |
| 言語: | Vietnamese |
| 出版事項: |
Đại học Đà Nẵng
ĐH Sư phạm
2007
|
| 主題: | |
| タグ: |
タグ追加
タグなし, このレコードへの初めてのタグを付けませんか!
|
| Thư viện lưu trữ: | Mạng thư viện Đại học Đà Nẵng |
|---|
| LEADER | 01660nam a2200361 4500 | ||
|---|---|---|---|
| 001 | 000010854 | ||
| 003 | 7075 | ||
| 005 | 20111223091240.0 | ||
| 008 | 111222s2007 viesd | ||
| 041 | |a vie | ||
| 072 | |a Khóa luận tốt nghiệp | ||
| 082 | |a 551.6 |b BU-N | ||
| 100 | |a Bùi Thị Thanh Nga | ||
| 245 | |a Tìm hiểu biến động thời tiết - khí hậu khu vực Trung Trung Bộ những năm đầu thế kỷ XXI và tác động của nó đến sản xuất và đời sống |c Bùi Thị Thanh Nga | ||
| 260 | |a Đại học Đà Nẵng |b ĐH Sư phạm |c 2007 | ||
| 300 | |a 57 tr. |c 29 cm | ||
| 500 | |a Khóa luận tốt nghiệp Khoa Địa lý. Chuyên ngành: Sư phạm địa lý | ||
| 520 | |a Cơ sở lý luận chung. Những biến động về thời tiết - khí hậu của khu vực Trung Trung Bộ những năm đầu thế kỷ XXI.Tác động của những biến động thời tiết - khí hậu đến sản xuất và đời sống ở Trung Trung Bộ. | ||
| 653 | |a Biến động | ||
| 653 | |a Thời tiết | ||
| 653 | |a Khí hậu | ||
| 653 | |a Trung Trung Bộ | ||
| 700 | |a Lê Thị Thanh Hương |c Th.S |e Hướng dân | ||
| OWN | |a LSP | ||
| AVA | |a UDN50 |b LSP |d 551.6 BU-N |e available |t Error 5001 Not defined in file expand_doc_bib_avail. |f 1 |g 0 |h N |i 0 |k 1 | ||
| 999 | |a From the UDN01 | ||
| AVA | |a UDN50 |b LSP |d 551.6 BU-N |e available |t Error 5001 Not defined in file expand_doc_bib_avail. |f 1 |g 0 |h N |i 0 |k 1 | ||
| TYP | |a Monograph | ||
| TYP | |a Printed language | ||
| 980 | |a Mạng thư viện Đại học Đà Nẵng | ||